Compendio de derecho canónico

Gespeichert in:
Bibliographische Detailangaben
1. Verfasser: Cobo, Pedro N (VerfasserIn)
Format: Buch
Sprache:Spanisch
Veröffentlicht: Valparaíso El Mercurio 1852
Schlagworte:
Tags: Tag hinzufügen
Keine Tags, Fügen Sie den ersten Tag hinzu!

MARC

LEADER 00000nam a2200000 a 4500
001 UCR3836
003 CL-VaPUC
008 980130e18520000CL |||||||||||||||||spa|d
082 0 4 |a 262.9  |b COB  |2 21 
100 0 |a Cobo, Pedro N  |e author  |9 403178 
245 1 0 |a Compendio de derecho canónico 
300 |a 354 p 
942 |c BK 
945 |d 19980130 00:00:00  |a aolguin 
260 |a Valparaíso  |b El Mercurio  |c 1852 
500 |a Extractado de la obra del Illmo. Obispo Donoso conforme al programa del Instituto Nacional de Santiago 
650 7 |a DERECHO CANONICO  |2 CL-VaPUC  |9 403179 
650 0 |a Iglesia Católica  |9 256114 
650 0 |a Sacerdotes   |9 315705 
650 0 |a Personas no religiosas  |9 349308 
650 0 |a Religión   |9 255164 
650 0 |a Iglesia y Estado  |9 254995 
650 0 |a Sacramentos   |9 257270 
650 7 |a MATRIMONIO  |2 CL-VaPUC  |9 403180 
583 |a last modification  |c 19980130 00:00:00  |k Rodrigo Vera 
999 |c 266856  |d 266854 
952 |0 0  |1 0  |4 0  |6 262_900000000000000_COB_1852  |7 0  |8 DER_HDC  |9 298869  |a BIBDER  |b BIBDER  |d 2019-11-20  |i 1944304  |l 1  |o 262.9 COB 1852  |p 1944304  |r 2020-03-20  |s 2020-03-19  |w 2019-11-20  |x Ubicación 4to Piso  |y BK_X  |z Estos recursos deben solicitarse con anticipación  |k DER